Malaysian master tax guide manual / (Record no. 98)

000 -LEADER
fixed length control field nam a22 a 4500
003 - CONTROL NUMBER IDENTIFIER
control field AKMAL
005 - DATE AND TIME OF LATEST TRANSACTION
control field 20170417153553.0
008 - FIXED-LENGTH DATA ELEMENTS--GENERAL INFORMATION
fixed length control field 170417t2000 si e| 000 0 eng d
040 ## - CATALOGING SOURCE
Original cataloging agency AKMAL
082 04 - DEWEY DECIMAL CLASSIFICATION NUMBER
Classification number 336.2409595
090 00 - LOCALLY ASSIGNED LC-TYPE CALL NUMBER (OCLC); LOCAL CALL NUMBER (RLIN)
Classification number (OCLC) (R) ; Classification number, CALL (RLIN) (NR) 336.2409595
Local cutter number (OCLC) ; Book number/undivided call number, CALL (RLIN) MAS
245 1# - TITLE STATEMENT
Title Malaysian master tax guide manual /
Statement of responsibility, etc. by CCH Tax Editors ; consultant editors Veerinderjeet Singh, Teoh Boon Kee
260 ## - PUBLICATION, DISTRIBUTION, ETC.
Place of publication, distribution, etc. Singapore :
Name of publisher, distributor, etc. CCH Asia Limited ,
Date of publication, distribution, etc. 1989
300 ## - PHYSICAL DESCRIPTION
Extent 2 v. (loose-leaf) ;
Dimensions 25cm.
500 ## - GENERAL NOTE
General note Description based on: 2000 issue.
650 #0 - SUBJECT ADDED ENTRY--TOPICAL TERM
Topical term or geographic name entry element Taxation
General subdivision Handbooks, manuals, etc.
Geographic subdivision Malaysia
9 (RLIN) 258
650 #0 - SUBJECT ADDED ENTRY--TOPICAL TERM
Topical term or geographic name entry element Income tax
General subdivision Handbooks, manuals, etc.
Geographic subdivision Malaysia
9 (RLIN) 259
700 0# - ADDED ENTRY--PERSONAL NAME
Personal name Verindeerjeet Singh
9 (RLIN) 260
700 1# - ADDED ENTRY--PERSONAL NAME
Personal name Teoh, Boon Kee
9 (RLIN) 246
710 2# - ADDED ENTRY--CORPORATE NAME
Corporate name or jurisdiction name as entry element CCH Asia Limited
9 (RLIN) 261
942 ## - ADDED ENTRY ELEMENTS (KOHA)
Source of classification or shelving scheme
Koha item type Book
Holdings
Withdrawn status Lost status Source of classification or shelving scheme Damaged status Not for loan Collection code Home library Current library Shelving location Date acquired Inventory number Total Checkouts Full call number Barcode Date last seen Price effective from Koha item type
          NON-FICTION AKMAL Melaka AKMAL Melaka PINJAMAN 17.04.2017 303188   336.2409595 MAS 201700098 17.04.2017 17.04.2017 Book
Pusat Sumber Maklumat Dato' Haji Sarmin Md Hussin, Akademi Kastam Diraja Malaysia, Melaka
Tel: 06-2331106 | Faks: 06-2313787